LEADER 03609nam 22006735 450 001 9910298292103321 005 20251116134112.0 010 $a3-319-14466-9 024 7 $a10.1007/978-3-319-14466-5 035 $a(CKB)3710000000360299 035 $a(EBL)1998567 035 $a(OCoLC)904046352 035 $a(SSID)ssj0001451842 035 $a(PQKBManifestationID)11801454 035 $a(PQKBTitleCode)TC0001451842 035 $a(PQKBWorkID)11478663 035 $a(PQKB)10260849 035 $a(DE-He213)978-3-319-14466-5 035 $a(MiAaPQ)EBC1998567 035 $a(PPN)184494435 035 $a(EXLCZ)993710000000360299 100 $a20150224d2015 u| 0 101 0 $aeng 135 $aur|n|---||||| 181 $ctxt 182 $cc 183 $acr 200 10$aCell Polarity 2 $eRole in Development and Disease /$fedited by Klaus Ebnet 205 $a1st ed. 2015. 210 1$aCham :$cSpringer International Publishing :$cImprint: Springer,$d2015. 215 $a1 online resource (228 p.) 300 $aDescription based upon print version of record. 311 08$a3-319-14465-0 320 $aIncludes bibliographical references at the end of each chapters and index. 327 $aCell Polarity in One-Cell C. elegans Embryos: Ensuring an Accurate and Precise Spatial Axis During Development -- Establishment and Maintenance of Cell Polarity in the C. elegans Intestine -- Apicobasal Polarity and Lumen Formation During Development -- Asymmetric Cell Division and Development of the Central Nervous System in Drosophila -- Polarity Control of Spindle Positioning in the C. elegans Embryo -- Par Proteins in Tumor Formation and Progression -- Cell Polarity: A Key Defence Mechanism Against Infection and Cancer Cell Invasion? Cell Polarity in Mammary Gland Morphogenesis and Breast Cancer -- Cellular Polarity and Pathogenicity. 330 $aThis work provides a state-of-the art overview on the most relevant aspects of cell polarity. Volume 2 discusses the physiological and pathophysiological relevance of cell polarity. It especially focuses on pathophysiological conditions in which one or several aspects of cell polarity are impaired, and in which a loss of cell polarity possibly contributes to disease (e.g. epithelial-to-mesenchymal transition in cancer, role of polarity proteins in cancer). Both volumes are intended for professors, group leaders and researchers in cell biology as well as for medical professionals working in anatomy, cell biology, physiology, pathology and tumor biology. 606 $aCytology 606 $aDevelopmental biology 606 $aCancer$xResearch 606 $aHuman physiology 606 $aCell Biology$3https://scigraph.springernature.com/ontologies/product-market-codes/L16008 606 $aDevelopmental Biology$3https://scigraph.springernature.com/ontologies/product-market-codes/L18000 606 $aCancer Research$3https://scigraph.springernature.com/ontologies/product-market-codes/B11001 606 $aHuman Physiology$3https://scigraph.springernature.com/ontologies/product-market-codes/B13004 615 0$aCytology. 615 0$aDevelopmental biology. 615 0$aCancer$xResearch. 615 0$aHuman physiology. 615 14$aCell Biology. 615 24$aDevelopmental Biology. 615 24$aCancer Research. 615 24$aHuman Physiology. 676 $a571.8 676 $a571.835 702 $aEbnet$b Klaus$4edt$4http://id.loc.gov/vocabulary/relators/edt 906 $aBOOK 912 $a9910298292103321 996 $aCell Polarity 2$92536144 997 $aUNINA